Instituciones de Derecho Canónico / (Record no. 107104)

MARC details
000 -LEADER
campo de control de longitud fija 00504nam a2200169 4500
001 - NÚMERO DE CONTROL
campo de control 107104
003 - IDENTIFICADOR DE NÚMERO DE CONTROL
campo de control ES-MaACL
007 - CAMPO FIJO DE DESCRIPCIÓN FÍSICA--INFORMACIÓN GENERAL
campo de control de longitud fija t|
008 - DATOS DE LONGITUD FIJA--INFORMACIÓN GENERAL
campo de control de longitud fija 061121s1903 sp r ||||1| spa d
100 ## - ENTRADA PRINCIPAL--NOMBRE DE PERSONA
Nombre de persona Morales y Alonso, Juan Pedro,
Fechas asociadas al nombre 1840-1904
9 (RLIN) 223283
245 10 - MENCIÓN DEL TÍTULO
Título Instituciones de Derecho Canónico /
Mención de responsabilidad, etc. por Juan Pedro Morales Alonso.
250 ## - MENCION DE EDICION
Mención de edición 2.ª ed.
260 ## - PUBLICACIÓN, DISTRIBUCIÓN, ETC.
Lugar de publicación, distribución, etc. Madrid :
Nombre del editor, distribuidor, etc. J. Góngora Alvarez,
Fecha de publicación, distribución, etc. 1903.
300 ## - DESCRIPCIÓN FÍSICA
Extensión 2 v. ;
Dimensiones 22 cm.
852 ## - LOCALIZACIÓN
Ubicación ES-MaACL
Número de control de estantería B-5496-7
Holdings
Estatus retirado Estado de pérdida Estado de daño No para préstamo Biblioteca de origen Biblioteca actual Ubicación en estantería Fecha de adquisición Fuente de adquisición Total de préstamos Signatura topográfica completa Código de barras Visto por última vez Precio de reemplazo Tipo de ítem Koha
        Biblioteca del Ateneo de Madrid Biblioteca del Ateneo de Madrid Sala Pardo Bazán 17/01/2008     B-5496-7 1111789 23/02/2023 23/02/2023 Libro impreso